|
|
|
|
| LEADER |
00000nab a2200000 4500 |
| 001 |
vtls011789483 |
| 003 |
SK-MaSNL |
| 005 |
20260318115217.0 |
| 008 |
181107c2018 xo zr|p | ||00 b0ukr |
| 015 |
|
|
|a SNBRB2018/11
|
| 038 |
|
|
|a SVKPOCL
|
| 040 |
|
|
|a SVKPOCL
|b slo
|c SVKPOCL
|e rda
|
| 041 |
0 |
|
|a ukr
|
| 043 |
|
|
|a e-xo---
|
| 044 |
|
|
|a xo
|c SK
|
| 072 |
|
7 |
|a 371
|x Školstvo (organizácia)
|2 konspekt
|
| 072 |
|
7 |
|a 373.2/.3
|x Predškolská a primárna výchova a vzdelávanie
|2 konspekt
|
| 080 |
|
|
|a 37.016:316.022.4(=161.25)(437.6)
|2 2011
|
| 080 |
|
|
|a 811.161.25(437.6)
|2 2011
|
| 080 |
|
|
|a (=161.25)
|2 2011
|
| 080 |
|
|
|a (437.6)
|2 2011
|
| 080 |
|
|
|a 811.161(=161.25)
|2 2011
|
| 080 |
|
|
|a 373.3:811.161(=161.25)
|2 2011
|
| 080 |
|
|
|a 373.3
|2 2011
|
| 080 |
|
|
|a 373.21
|2 2011
|
| 100 |
1 |
|
|a Jasik, Ladislav,
|d 1993-
|4 aut
|9 1327547
|
| 245 |
1 |
0 |
|a Diskusija o problematici rusiňskoho školstva
|c Ladislav Jasîk
|
| 300 |
|
|
|b Fotografie
|
| 336 |
|
|
|a text
|b txt
|2 rdacontent
|
| 337 |
|
|
|a bez média
|b n
|2 rdamedia
|
| 338 |
|
|
|a zväzok
|b nc
|2 rdacarrier
|
| 500 |
|
|
|a Text je uverejnený v latinke
|
| 600 |
1 |
7 |
|a Krajňák, Peter,
|d 1981-
|2 svkpocl
|9 323070
|
| 610 |
2 |
7 |
|a Podduklianska knižnica (Svidník, Slovensko)
|2 SNKKA
|9 33813
|
| 610 |
2 |
7 |
|a Rusínska obroda (Prešov, Slovensko)
|2 SNKKA
|9 33300
|
| 650 |
0 |
7 |
|a národnostné školstvo
|2 SNKPH
|9 71418
|
| 650 |
0 |
7 |
|a Rusíni
|2 SNKPH
|9 4087
|
| 650 |
0 |
7 |
|a rusínčina
|2 SNKPH
|9 51510
|
| 650 |
0 |
7 |
|a vyučovanie
|2 SNKPH
|9 1522
|
| 650 |
0 |
7 |
|a základné školy
|2 SNKPH
|9 1280
|
| 650 |
0 |
7 |
|a stretnutia
|2 svkpocl
|9 877999
|
| 651 |
|
7 |
|a Svidník (Slovensko)
|2 SNKPHgeo
|9 28309
|
| 651 |
|
7 |
|a Slovensko
|2 SNKPH
|9 14231
|
| 773 |
0 |
|
|t Artos
|g Roč. XIV, č. 4 (2018), s. 15
|x 1336-6564
|
| 852 |
|
|
|a SVKPO
|b KIS3GCP
|
| 856 |
4 |
2 |
|y Elektronický archív časopisu je na: http://www.artos.wbl.sk/Najnovse-cislo-casopisu.html
|
| 958 |
|
|
|a RN
|
| 958 |
|
|
|a SK
|
| 958 |
|
|
|a SS
|
| 958 |
|
|
|a LX
|
| 958 |
|
|
|a NT
|
| 999 |
|
|
|c 3304849
|d 3306779
|